000 01016nam a2200241 a 4500
008 120416s1981 ||||||||||||||||| || u
020 _a0070131864
050 _aKB 39 Cor
100 _aBlack, Robert L
245 1 4 _aThe legal environment of business
250 _a5th ed.
260 _aNew York
_bMcGraw-Hill
_c1981
300 _axiv, 614p.
350 _a0.00
500 _aIncludes index.
650 _aTRADE REGULATION--UNITED STATES
650 _aLAW
700 _aReed, O. Lee (Omer Lee)
700 _aCorley, Robert Neil
995 _aMAIN LIBRARY OPEN ACCESS
_D0.00
_e713256
_FCBU-MAIN LIBRARY (Kitwe)
_H1
_I29.95
_jKB 39 Cor
_M2
_UAVAILABLE
_y008529
_ZMain Library Open Access Collection
995 _aANNEX COLLECTION (Main Library)
_D0.00
_e713255
_FCBU-MAIN LIBRARY (Kitwe)
_H2
_I29.95
_jKB 39 Cor
_M1
_UAVAILABLE
_y008528
_ZAnnex Low-Usage Collection
995 _aANNEX COLLECTION (Main Library)
_D0.00
_e713257
_FCBU-MAIN LIBRARY (Kitwe)
_H3
_I29.95
_jKB 39 Cor
_M3
_UAVAILABLE
_y008530
_ZAnnex Low-Usage Collection
999 _c82165
_d82165